[Event "Nuremberg Zabo op 04th"]
[Site "Nuremberg"]
[Date "2002.09.29"]
[Round "4"]
[White "Saathoff, Richard"]
[Black "Chevts, Vitali"]
[Result "1-0"]
[WhiteElo "2118"]
[BlackElo "1941"]
[PlyCount "69"]
[EventDate "2002.09.27"]
[EventType "swiss"]
[EventRounds "5"]
[EventCountry "GER"]
[SourceTitle "EXT 2003"]
[Source "ChessBase"]
[SourceDate "2002.11.25"]
[SourceVersion "1"]
[SourceVersionDate "2002.11.25"]
[SourceQuality "1"]

1. e4 d5 2. exd5 Qxd5 3. Nc3 Qa5 4. d4 Nf6 5. Bd2 Qb6 6. Nf3 Bg4 7. Bc4 Nc6 8. Na4 Bxf3 9. Nxb6 Bxd1 10. Nxa8 Bxc2 11. Nxc7+ Kd7 12. Nb5 e6 13. Rc1 Bg6 14. Be3 Bb4+ 15. Nc3 Rd8 16. 0-0 Ke7 17. a3 Ba5 18. Rfd1 Bh5 19. f3 Bb6 20. Na4 Bxd4 21. Bxd4 Nxd4 22. Nc3 a6 23. Kf2 b5 24. Bf1 g5 25. Ne2 Nxe2 26. Rc7+ Rd7 27. Rdxd7+ Nxd7 28. Bxe2 Kd6 29. Ra7 Nb8 30. Bd3 Kc5 31. g4 Nc6 32. Rxa6 Ne5 33. b4+ Kd4 34. Bxb5 Bg6 35. Be2 1-0

[Event "Nuremberg Zabo op 02nd"]
[Site "Nuremberg"]
[Date "2000.09.23"]
[Round "3"]
[White "Dobosz, Henryk"]
[Black "Chevts, Vitali"]
[Result "1-0"]
[WhiteElo "2386"]
[BlackElo "1951"]
[PlyCount "61"]
[EventDate "2000.09.22"]
[EventType "swiss"]
[EventRounds "5"]
[EventCountry "GER"]
[SourceTitle "EXT 2001"]
[Source "ChessBase"]
[SourceDate "2000.11.22"]
[SourceVersion "1"]
[SourceVersionDate "2000.11.22"]
[SourceQuality "1"]

1. d4 Nf6 2. c4 e6 3. Nf3 b6 4. e3 Bb7 5. Bd3 Be7 6. 0-0 0-0 7. b3 d5 8. Nbd2 Nbd7 9. Qc2 Rc8 10. Bb2 dxc4 11. bxc4 c5 12. Rad1 h6 13. Rfe1 Qc7 14. Qb3 Rfd8 15. Ne5 Nxe5 16. dxe5 Nd7 17. f4 Nb8 18. Nf3 Nc6 19. f5 exf5 20. Bxf5 Rxd1 21. Rxd1 Rd8 22. e6 Rxd1+ 23. Qxd1 fxe6 24. Bxe6+ Kh8 25. Qd3 Qd6 26. Qg6 Qd1+ 27. Kf2 Bh4+ 28. Nxh4 Qd2+ 29. Kg3 Qxe3+ 30. Nf3 Nd4 31. Qe8+ 1-0

[Event "Regionalliga SW 9900"]
[Site "Bayern"]
[Date "1999.??.??"]
[Round "1.8"]
[White "Schaffranietz, Horst"]
[Black "Chevts, Vitali"]
[Result "0-1"]
[WhiteElo "1925"]
[BlackElo "1930"]
[PlyCount "108"]
[EventDate "1999.??.??"]
[EventType "team-tourn"]
[EventRounds "9"]
[EventCountry "GER"]
[SourceTitle "EXT 2020"]
[Source "ChessBase"]
[SourceDate "2019.10.17"]
[SourceVersion "1"]
[SourceVersionDate "2019.10.17"]
[SourceQuality "1"]
[WhiteTeam "Pasing II"]
[BlackTeam "Augsburg SG 1873"]
[WhiteTeamCountry "GER"]
[BlackTeamCountry "GER"]

1. e4 c6 2. d4 d5 3. Nc3 e6 4. Nf3 Bb4 5. e5 Ne7 6. Bd3 Ng6 7. h4 c5 8. h5 Ne7 9. a3 Ba5 10. b4 cxb4 11. Nb5 bxa3+ 12. Kf1 Bc7 13. Bxa3 Nbc6 14. Qd2 a6 15. Nd6+ Bxd6 16. Bxd6 Nf5 17. Bxf5 exf5 18. h6 g6 19. c3 Na5 20. Re1 Nc4 21. Qf4 Be6 22. Ng5 Qd7 23. Nxe6 fxe6 24. Qg5 Nxd6 25. exd6 Qxd6 26. Qf6 Kd7 27. Rh3 Rhf8 28. Qg7+ Qe7 29. Rxe6 Qxg7 30. hxg7 Kxe6 31. gxf8N+ Rxf8 32. Rxh7 Rf7 33. Rh3 Kd6 34. Rh6 Rf6 35. Ke2 Re6+ 36. Kf3 a5 37. Rh8 Kc6 38. Rc8+ Kb6 39. Rd8 Rc6 40. Kf4 Rxc3 41. Rxd5 a4 42. Rd8 Rc2 43. Ke5 Rxf2 44. Rd6+ Kb5 45. Rxg6 a3 46. Rg8 a2 47. Ra8 Rxg2 48. d5 Re2+ 49. Kxf5 Kc5 50. Ra5+ b5 51. Kf4 Kb4 52. Ra6 Kb3 53. d6 Rd2 54. Ke5 Kb2 0-1